000 00812cam a2200217n 44500
003 OSt
005 20150408113726.0
008 030308s le 00 0 00100ara d
040 _amu
_bara
_cmb
041 _aعربي
072 _a025
_xالقرآن الكريم وعلومه ومباحثه
082 0 4 _a227.3
092 _a227.3
_bخ ش ح
100 1 _aالخفاجي , شهاب الدين احمد بن محمد بن عمر المصري الحنفي
_d( 977 - 1069هـ)
_9980
245 1 0 _aحاشية الشهاب المسماة عناية القاضي و كفاية الراضي على تفسير البيضاوي/
_cللشهاب الخفاجي
257 _aلبنان
260 _aبيروت:
_bدار صادر
_c19-؟
300 _aمج؛
_c32سم
650 0 4 _aالقرآن
_xتفسير
_9500
942 _2ddc
_cBOOK
999 _c1216
_d235716